Management of business enterprises in India: cost, profit and control (Record no. 344110)

000 -LEADER
fixed length control field 00364cam a22001217a 4500
008 - FIXED-LENGTH DATA ELEMENTS--GENERAL INFORMATION
fixed length control field 180718b1990 xxu||||| |||| 00| 0 eng d
082 ## - DEWEY DECIMAL CLASSIFICATION NUMBER
Classification number T25x54 D53
100 ## - MAIN ENTRY--PERSONAL NAME
Personal name Dey, N.
245 ## - TITLE STATEMENT
Title Management of business enterprises in India: cost, profit and control
Statement of responsibility, etc. by N. Dey
260 ## - PUBLICATION, DISTRIBUTION, ETC.
Place of publication, distribution, etc. New Delhi
Name of publisher, distributor, etc. Anmol
Date of publication, distribution, etc. 1990
300 ## - PHYSICAL DESCRIPTION
Extent 326p.
650 ## - SUBJECT ADDED ENTRY--TOPICAL TERM
Topical term or geographic name entry element Industrial management - India
Holdings
Withdrawn status Lost status Damaged status Not for loan Permanent Location Current Location Date acquired Full call number Barcode Date last seen Price effective from Koha item type
        Indian Institute of Public Administration Indian Institute of Public Administration 1993-10-01 T25x54 D53 65001 2018-07-21 2018-07-21 Book

Powered by Koha